| 000 | 00610nas a2200229 4500 | ||
|---|---|---|---|
| 001 | BR9604009 | ||
| 003 | BR-BrBNA | ||
| 005 | 20231205094841.0 | ||
| 007 | ta | ||
| 008 | 230509b bl.|||p| |||| 00| 00por d | ||
| 040 |
_aBR-BrBNA _bpor _cBiblioteca Nacional de Agricultura |
||
| 041 | _a(Pt) | ||
| 072 | _aE16 | ||
| 100 | 1 | _aMachado, N.F. | |
| 245 | 1 | _aO plano safra de trigo | |
| 650 | _aTrigo | ||
| 650 | _aSafra | ||
| 650 | _aEstatistica de Producao | ||
| 773 | 0 |
_tRevista Batavo (Brazil) _x _g(May 1994), v. 3(31) p. 7 _wBR9604009 |
|
| 909 |
_a202311 _bLúcia _c55 _dLúcia Elande |
||
| 942 |
_2AGRIS _n0 _cANA |
||
| 999 |
_c147313 _d147313 |
||